| 000 | 01496nam0a22002291 4500 | ||
|---|---|---|---|
| 001 | rc\3476388 | ||
| 005 | 20250610010642.0 | ||
| 035 | _a(NLR Aleph) 007599392 | ||
| 090 |
_a5697491 _c5697491 |
||
| 100 | _a20130115d1970 |||y0rusy50 ca | ||
| 101 | 0 | _arus | |
| 102 | _aRU | ||
| 105 | _ay z ||||| | ||
| 200 | 1 |
_aМатериалы Научно-технической конференции по использованию подземных водных ресурсов и охране их от загрязнения и истощения. [Сентябрь 1970] _fКом. Азерб. респ. совета науч.-техн. о-в по использованию и охране водных ресурсов. Секция водных ресурсов Азерб. о-ва охраны природы. Гос. производ. ком. Совета Министров АзССР по водоснабжению, охране и использованию водных ресурсов. Ин-т геологии им. акад. И.М. Губкина АН АзССР |
|
| 210 |
_aБаку _cБ. и. _d1970 |
||
| 215 |
_a236 с. _d20 |
||
| 710 | 1 | 2 | _aНаучно-техническая конференция по использованию подземных водных ресурсов и охране их от загрязнения и истощения (1970; Баку) |
| 801 | 0 |
_aRU _bNLR _gpsbo |
|
| 801 | 1 |
_aRU _bELAR _2rusmarc |
|
| 852 |
_aNLR _j70-3/5729 |
||
| 942 | _cBOOK | ||
| 980 | _aNB | ||